Babies in her saddlebags

Uloženo v:
Podrobná bibliografie
Hlavní autor: Hopp, Joyce W.
Médium: Kniha
Jazyk:angličtina
Vydáno: Boise, ID. Pacific Press c1986
Témata:
Tagy: Přidat tag
Žádné tagy, Buďte první, kdo vytvoří štítek k tomuto záznamu!

MARC

LEADER 00000nam a22000005a 4500
003 CL-ChBUA
005 20120815095547.0
008 120507s1986 xxu||||| |||| 000 ||eng
020 |a 081630677x 
040 |a CL-ChBUA  |c CL-ChBUA 
082 0 0 |a 266.009 
090 |c 29484  |d 29484 
100 1 |a Hopp, Joyce W. 
245 1 0 |a Babies in her saddlebags 
260 |a Boise, ID.  |b Pacific Press  |c c1986 
300 |a 91 p.  |c 21 cm. 
504 |a índice, il. 
650 4 |a LESTER, BETTY - BIOGRAFIA 
650 4 |a RELATOS MISIONEROS 
942 |c LIB 
952 |0 0  |1 0  |4 0  |7 0  |9 68903  |a UNACH  |b UNACH  |c 200  |d 2012-05-07  |i 48.844  |l 0  |o 266.009 / H 798  |p 70035  |r 2012-12-27 00:00:00  |u 68903  |w 2012-08-08  |y LIB  |k 266.009 / H 798 
999 |c 29484  |d 29484